Supply chain management a operativní řízení výroby
Problematika optimálneho riešenia dodávateľského reťazca v odvetví priemyselnej výroby, charakterizovaná pojmom supply chain management. Pojem operatívne riadenie výroby. Subsystém plánovanie. Výrobná stratégia. Typy výrobných stratégií. Základné typy výroby. Typ organizácie výroby.
Saved in:
| Main Author: | |
|---|---|
| Format: | Book Chapter |
| Language: | Czech |
| Subjects: | |
| Tags: |
No Tags, Be the first to tag this record!
|
MARC
| LEADER | 00000naa a2200000 4500 | ||
|---|---|---|---|
| 001 | r047117 | ||
| 005 | 20231002104111.7 | ||
| 041 | 0 | |a cze | |
| 044 | |a CZ | ||
| 245 | 1 | 0 | |a Supply chain management a operativní řízení výroby |c Gustav Tomek |
| 520 | |a Problematika optimálneho riešenia dodávateľského reťazca v odvetví priemyselnej výroby, charakterizovaná pojmom supply chain management. Pojem operatívne riadenie výroby. Subsystém plánovanie. Výrobná stratégia. Typy výrobných stratégií. Základné typy výroby. Typ organizácie výroby. | ||
| 610 | 2 | 0 | |a riadenie výroby |
| 610 | 2 | 0 | |a riadenie operatívne |
| 610 | 2 | 0 | |a plánovanie |
| 610 | 2 | 0 | |a typizácia výroby |
| 610 | 2 | 0 | |a stratégia podniková |
| 610 | 2 | 0 | |a odbyt |
| 610 | 2 | 0 | |a predaj |
| 610 | 2 | 0 | |a reťazce distribučné |
| 100 | 1 | |a Tomek, Gustav | |